Economic theory and the antitrust dilemma
Guardat en:
| Autor principal: | |
|---|---|
| Format: | Llibre |
| Idioma: | anglès |
| Publicat: |
Nueva York
Wiley
1970
|
| Matèries: | |
| Etiquetes: |
Afegir etiqueta
Sense etiquetes, Sigues el primer a etiquetar aquest registre!
|
MARC
| LEADER | 00000nam a2200000 a 4500 | ||
|---|---|---|---|
| 001 | UCX0388 | ||
| 003 | CL-VaPUC | ||
| 008 | 891011e19700000US |||||||||||||||||eng|d | ||
| 082 | 0 | 4 | |a 338.85 |b ASC |2 21 |
| 100 | 0 | |a Asch, Peter |e author |9 315795 | |
| 245 | 1 | 0 | |a Economic theory and the antitrust dilemma |
| 300 | |a 414 p | ||
| 942 | |c BK | ||
| 945 | |d 19891011 00:00:00 | ||
| 260 | |a Nueva York |b Wiley |c 1970 | ||
| 650 | 7 | |a TRUSTS INDUSTRIALES |2 CL-VaPUC |9 256852 | |
| 650 | 7 | |a INDUSTRIA Y ESTADO |2 CL-VaPUC |9 258143 | |
| 650 | 7 | |a CONCENTRACION INDUSTRIAL |2 CL-VaPUC |9 315796 | |
| 650 | 7 | |a ORGANIZACION INDUSTRIAL TEORIA ECONOMICA |2 CL-VaPUC |9 270352 | |
| 651 | 0 | |a Estados Unidos |9 255178 | |
| 583 | |a last modification |c 19891011 00:00:00 |k Rodrigo Vera | ||
| 999 | |c 221998 |d 221996 | ||